000 00542nam a2200205Ia 4500
008 170203s9999 xx 000 0 und d
020 _a8178624893
050 _a523.1
050 _b.M995 2004
245 4 _aThe Universe /
245 _cSharmistha Dash, Neeta Datta, Madhvi Kapur, Editors
260 _aNew Delhi :
260 _bSterling Press Private Limited
260 _c2004
300 _a128 pages :
300 _c13 cm.
440 _aMy book of Questions & Answers
650 _aUniverse.
650 _xJuvenile literature.
999 _c305554
_d305554